Fundamentos de contabilidad para profesionales no contadores / (Registro nro. 3631)
[ vista simple ]
| 000 -LEADER | |
|---|---|
| fixed length control field | 01289nam a2200265Ia 4500 |
| 003 - CONTROL NUMBER IDENTIFIER | |
| control field | OSt |
| 005 - DATE AND TIME OF LATEST TRANSACTION | |
| control field | 20201007143113.0 |
| 008 - FIXED-LENGTH DATA ELEMENTS--GENERAL INFORMATION | |
| fixed length control field | 191128s2006 ck gr 000 0 spa d |
| 020 ## - INTERNATIONAL STANDARD BOOK NUMBER | |
| International Standard Book Number | 9589329160 |
| 040 ## - CATALOGING SOURCE | |
| Original cataloging agency | CO-JMCR |
| Transcribing agency | CO-JMCR |
| 041 0# - LANGUAGE CODE | |
| Language code of text/sound track or separate title | spa |
| 082 04 - DEWEY DECIMAL CLASSIFICATION NUMBER | |
| Classification number | 657.044 / |
| Item number | C317f |
| Edition number | 23 |
| 100 1# - MAIN ENTRY--PERSONAL NAME | |
| Personal name | Carrillo de Rojas, Gladys, |
| Relator term | autora |
| 9 (RLIN) | 11322 |
| 245 10 - TITLE STATEMENT | |
| Title | Fundamentos de contabilidad para profesionales no contadores / |
| Statement of responsibility, etc. | Gladys Carrillo de Rojas |
| 250 ## - EDITION STATEMENT | |
| Edition statement | Decimaoctava edición |
| 260 ## - PUBLICATION, DISTRIBUTION, ETC. | |
| Place of publication, distribution, etc. | Bogotá : |
| Name of publisher, distributor, etc. | Corcas Editores, |
| Date of publication, distribution, etc. | 2006. |
| 300 ## - PHYSICAL DESCRIPTION | |
| Extent | 505 páginas ; |
| Dimensions | 24 cm. |
| 500 ## - GENERAL NOTE | |
| General note | Incluye tabla de contenido |
| 505 0# - FORMATTED CONTENTS NOTE | |
| Formatted contents note | definición, funciones y marco conceptual de la contabilidad -- definición de la contabilidad -- funciones de la contabilidad -- marco conceptual de la contabilidad -- A. de los principios de contabilidad generalmente aceptados |
| 520 0# - SUMMARY, ETC. | |
| Summary, etc. | Con esta decimoctava edición, cumple este libro 25 años al servicio de estudiantes, profesores y profesionales. Hizo su incursión en el nuevo milenio conla certeza de que todo profesional y persona involucrada en el mundo de los negocios debe estar cada d |
| 650 24 - SUBJECT ADDED ENTRY--TOPICAL TERM | |
| Topical term or geographic name entry element | Contabilidad |
| General subdivision | Enseñanza |
| 9 (RLIN) | 11323 |
| 650 24 - SUBJECT ADDED ENTRY--TOPICAL TERM | |
| Topical term or geographic name entry element | Estados financieros |
| 9 (RLIN) | 11324 |
| 650 24 - SUBJECT ADDED ENTRY--TOPICAL TERM | |
| Topical term or geographic name entry element | Inflación |
| General subdivision | Inventario |
| 9 (RLIN) | 11325 |
| 942 ## - ADDED ENTRY ELEMENTS (KOHA) | |
| Source of classification or shelving scheme | Dewey Decimal Classification |
| Koha item type | Books |
| Withdrawn status | Lost status | Source of classification or shelving scheme | Materials specified (bound volume or other part) | Damaged status | Not for loan | Home library | Current library | Shelving location | Date acquired | Source of acquisition | Total Checkouts | Full call number | Barcode | Date last seen | Date last checked out | Copy number | Price effective from | Koha item type | Public note |
|---|---|---|---|---|---|---|---|---|---|---|---|---|---|---|---|---|---|---|---|
| Dewey Decimal Classification | Donación--12/07/2018-- | Biblioteca Pública José María del Castillo y Rada | Biblioteca Pública José María del Castillo y Rada | General Stacks | 11/28/2019 | Donación | 4 | 657.044 / C317f | 201807505 | 05/16/2024 | 10/11/2023 | Ej.1 | 11/28/2019 | Books | Exlibris : Evidencia de humedad páginas 315-328 arrugadas dobladas |